Specification for latex foam rubber products. Fourth reprint June 1983.(Incorporating Amendments No.1 and 2) (Record no. 73582)
[ view plain ]
| 000 -LEADER | |
|---|---|
| fixed length control field | 00449nam a2200133Ia 4500 |
| 245 #0 - TITLE STATEMENT | |
| Title | Specification for latex foam rubber products. Fourth reprint June 1983.(Incorporating Amendments No.1 and 2) |
| 260 ## - PUBLICATION, DISTRIBUTION, ETC. (IMPRINT) | |
| Place of publication | New Delhi |
| 260 ## - PUBLICATION, DISTRIBUTION, ETC. (IMPRINT) | |
| Year of publication | 1960 |
| Name of publisher | ISI |
| 490 ## - SERIES STATEMENT | |
| Series statement | General rubber products subcommittee,CDC6:4 |
| 500 ## - GENERAL NOTE | |
| General note | Standard number: IS 1741 |
| 650 ## - SUBJECT ADDED ENTRY--TOPICAL TERM | |
| Topical Term | Latex foam rubber products |
| 942 ## - ADDED ENTRY ELEMENTS (KOHA) | |
| Koha item type | Standards |
| Withdrawn status | Lost status | Damaged status | Not for loan | Home library | Current library | Date acquired | Koha item type |
|---|---|---|---|---|---|---|---|
| Standards | RRII Library | RRII Library | 31/12/2021 | Standards |